书目信息 |
| 题名: |
PC-E500袖珍计算机原理及其开发和应用
|
|
| 作者: | 南方测绘仪器公司 编著 | |
| 分册: | ||
| 出版信息: | 北京 测绘出版社 1995.11 |
|
| 页数: | 364页 | |
| 开本: | 16开 | |
| 丛书名: | ||
| 单 册: | ||
| 中图分类: | TP368.33 | |
| 科图分类: | ||
| 主题词: | 微型计算机 | |
| 电子资源: | ||
| ISBN: | 7-5030-0740-0 | |
| 000 | 00646nam0 2200193 45 | |
| 001 | 01051408 4 | |
| 005 | 20010525083002.0 | |
| 010 | @a7-5030-0740-0@d36.00元 | |
| 100 | @a20010514d1995 km y0chiy0120 ea | |
| 101 | 0 | @achi |
| 105 | @a z 000yy | |
| 200 | 1 | @aPC-E500袖珍计算机原理及其开发和应用@APC-E500 Xiu Zhen Ji Suan Ji Yuan Li Ji Qi Kai Fa He Ying Yong@f南方测绘仪器公司编著@FNan Fang Ce Hui Yi Qi Gong Si BianZhu |
| 210 | @a北京@c测绘出版社@d1995.11 | |
| 215 | @a364页@d16开 | |
| 606 | 0 | @a微型计算机 |
| 690 | @aTP368.33@v3 | |
| 701 | 0 | @a南方测绘仪器公司@4编著 |
| 801 | @aCN@bPftUser@c20010514 | |
| 905 | @b342651-670@dTP368.33@eN:110@f20 | |
| PC-E500袖珍计算机原理及其开发和应用/南方测绘仪器公司编著.-北京:测绘出版社,1995.11 |
| 364页;16开 |
| ISBN 7-5030-0740-0:36.00元 |
| ● |
| 相关链接 |
|
|
|
正题名:PC-E500袖珍计算机原理及其开发和应用
索取号:TP368.33/N:110
 
预约/预借
| 序号 | 登录号 | 条形码 | 馆藏地/架位号 | 状态 | 备注 |
| 1 | 342651 | 203426514 | 自科二线504/504自科库 3排4列1层/ [索取号:TP368.33/N:110] | 在馆 | |
| 2 | 342652 | 203426523 | 自科二线504/504自科库 3排4列1层/ [索取号:TP368.33/N:110] | 在馆 | |
| 3 | 342653 | 203426532 | 自科二线504/504自科库 3排4列1层/ [索取号:TP368.33/N:110] | 在馆 | |
| 4 | 342654 | 203426541 | 自科二线504/504自科库 3排4列1层/ [索取号:TP368.33/N:110] | 在馆 | |
| 5 | 342655 | 203426550 | 自科二线504/504自科库 3排4列1层/ [索取号:TP368.33/N:110] | 在馆 | |
| 6 | 342656 | 203426569 | 自科二线504/504自科库 3排4列1层/ [索取号:TP368.33/N:110] | 在馆 | |
| 7 | 342657 | 203426578 | 自科二线504/504自科库 3排4列1层/ [索取号:TP368.33/N:110] | 在馆 | |
| 8 | 342658 | 203426587 | 自科二线504/504自科库 3排4列1层/ [索取号:TP368.33/N:110] | 在馆 | |
| 9 | 342659 | 203426596 | 自科二线504/504自科库 3排4列1层/ [索取号:TP368.33/N:110] | 在馆 | |
| 10 | 342660 | 203426603 | 自科二线504/504自科库 3排4列1层/ [索取号:TP368.33/N:110] | 在馆 | |
| 11 | 342661 | 203426612 | 自科二线504/504自科库 3排4列1层/ [索取号:TP368.33/N:110] | 在馆 | |
| 12 | 342662 | 203426621 | 自科二线504/504自科库 3排4列1层/ [索取号:TP368.33/N:110] | 在馆 | |
| 13 | 342663 | 203426630 | 自科二线504/504自科库 3排4列1层/ [索取号:TP368.33/N:110] | 在馆 | |
| 14 | 342664 | 203426649 | 自科二线504/504自科库 3排4列1层/ [索取号:TP368.33/N:110] | 在馆 | |
| 15 | 342665 | 203426658 | 自科二线504/504自科库 3排4列1层/ [索取号:TP368.33/N:110] | 在馆 | |
| 16 | 342666 | 203426667 | 自科二线504/504自科库 3排4列1层/ [索取号:TP368.33/N:110] | 在馆 | |
| 17 | 342667 | 203426676 | 自科二线504/504自科库 3排4列1层/ [索取号:TP368.33/N:110] | 在馆 | |
| 18 | 342668 | 203426685 | 自科二线504/504自科库 3排4列1层/ [索取号:TP368.33/N:110] | 在馆 | |
| 19 | 342669 | 203426694 | 自科二线504/504自科库 3排4列1层/ [索取号:TP368.33/N:110] | 在馆 | |
| 20 | 342670 | 203426701 | 自科二线504/504自科库 3排4列1层/ [索取号:TP368.33/N:110] | 在馆 |